| 000 | 00828nam a2200229 a 4500 | ||
|---|---|---|---|
| 001 | 48102 | ||
| 003 | BD-RjUL | ||
| 005 | 20211209054447.0 | ||
| 008 | 160811s1997 bg ||||| |||| 00| 0 ben d | ||
| 020 |
_a9844014328 _c: Tk.80.00 |
||
| 035 | _a(BD-RjUL)48221 | ||
| 040 |
_aBD-RjUL _bben _cBD-RjUL _dBD-RjUL |
||
| 041 | _aben | ||
| 082 |
_223 _a891.444 _bHOP 1997 |
||
| 100 |
_aহোসাইন, সৈয়দ বদরুদ্দিন _9145745 |
||
| 245 | 1 | 0 |
_aপিতা ও দুহিতা / _cসৈয়দ বদরুদ্দিন হোসাইন, |
| 260 |
_aঢাকা : _bআগামী প্রকাশনী, _c১৯৯৭ |
||
| 300 |
_a১১২ পৃ. ; _c২৫ সেমি. |
||
| 650 |
_aবাংলা প্রবন্ধ _9145746 |
||
| 650 |
_aBengali Essays _9145747 |
||
| 942 |
_2ddc _cBK |
||
| 999 |
_c48102 _d48102 |
||